000 00601nam a2200229 i 4500
001 15103
003 ES-MaACL
005 20231025175455.0
007 t|
008 991220s1999 sp ||||1| spa d
020 _a84-264-4952-2
080 _a821.111(73)-31"19"
100 1 _aDanticat, Edwidge.
_942664
245 1 1 _a¿Krik? ¡Krak! /
_cEdwidge Danticat.
250 _a1ª ed.
260 _aBarcelona :
_bLumen,
_c1999.
300 _a223 p. ;
_c23 cm.
490 1 _aFemenino Lumen
830 0 _aFemenino Lumen
_9179719
852 _aES-MaACL
_jL-22434
_bR.127785
999 _c15103
_d15103